| 000 | 00875cab a22002295a 4500 | ||
|---|---|---|---|
| 001 | L153111 | ||
| 008 | 110608e20110604xxk 000 0 eng d | ||
| 035 | _a(Sirsi) u153111 | ||
| 041 | 0 | _aeng | |
| 100 | 1 | _aLewis, Mark | |
| 245 | 0 | 0 |
_aFocus _bSouth Yorkshire |
| 260 | _c2011 | ||
| 490 |
_aEstates Gazette _v(1122) 4 June 2011, 81-93(11) |
||
| 520 | _aOffice market in Sheffield, Rotherham, Barnsley and Doncaster. Plans to extend Meadowhall shopping centre. Sheffield City Region Local Enterprise Partnership is looking for sites for its enterprise zone. Industrial take up remains sluggish. Office, industiral etails, take up, availability and rents. | ||
| 590 | _aKA | ||
| 651 | 4 |
_aYorkshire _y1888- |
|
| 690 | _aPROPERTY-COMMERCIAL PROPERTY-COMMERCIAL PROPERTY MARKET | ||
| 700 | 1 | _aThame, David | |
| 700 | 1 | _aDay, Karen | |
| 700 | 1 | _aJack, Simon | |
| 942 | _n0 | ||
| 999 |
_c83193 _d83193 |
||